Top 15 municipios más poblados de Navarra - Estadísticas

Estadísticas generales
  • Esta prueba ha sido intentada 47 veces
    44 desde el último reinicio
  • La puntuación promedio es 10 de 15
Respuestas en el mapa
Las respuestas están codificadas por una escala verde-roja en el mapa de la prueba según el % correcto abajo.
 
Estadísticas de respuestas
Población Respuesta % Correcto
208.243 Pamplona / Iruña
100%
38.441 Tudela / Tutera
100%
14.377 Estella-Lizarra
91%
10.789 Tafalla
81%
21.050 Burlada / Burlata
69%
22.438 Valle de Egüés / Eguesibar
69%
19.539 Barañáin / Barañain
66%
8.453 (Noain) Valle de Elorz / Elortzibar
63%
11.140 Berriozar
56%
8.311 Cintruénigo
56%
16.076 Zizur Mayor / Zizur Nagusia
53%
10.616 Ansoáin / Antsoain
50%
8.642 Corella
50%
9.983 Villava / Atarrabia
50%
12.782 Aranguren
44%
No se encontraron pruebas coincidentes
Distribución de puntuación
Porcentaje de gente con cada puntuación
Porcentaje por número respondido
Historial de tus puntuaciones
No has intentado esta prueba desde el último reinicio